000 00504nam a2200181Ia 4500
008 230917s9999||||xx |||||||||||||| ||und||
020 _cRS320
040 _e227913
_aMAIN
041 _aEnglish
082 _a346.022 K141C(14)
100 _aKapoor, S K
245 0 _aContract II alongwith sale of goods act and partnership act
250 _a14th ed.
260 _aAllahabad
_bCentral Law Agency
_c2014
300 _a390 p.
500 _a2086 26/08/2015 KB15/115 11/09/2015 Main Budget
942 _cBK
999 _c15676
_d15676